LEADER 01741nam--2200541---450- 001 990000009530203316 005 20080117115513.0 010 $a92-9167-736-1 035 $a0000953 035 $aUSA010000953 035 $a(ALEPH)000000953USA01 035 $a0000953 100 $a20000914d2004----km-y0itay0103----ba 101 $aita 102 $aLU 105 $a||||||||001yy 200 1 $a<>Eionet collega$fAgenzia europea dell?ambiente 210 $aLussemburgo$cUfficio delle pubblicazioni ufficiali delle Comunità europee$d[2004?] 215 $a15 p.$d30 cm 606 0 $aAmbiente$xTutela$yPaesi della Comunità europea 606 0 $aAmbiente$xTutela$xMonitoraggio$yPaesi della Comunità europea 676 $a333.72094 699 $a16.01$bAmbiente 710 02$aAGENZIA EUROPEA DELL'AMBIENTE$0541548 801 0$aIT$bsalbc$gISBD 912 $a990000009530203316 951 $aCDE 16.01 (XXVIII)$bCDE 1656$cCDE 16.01$d00149888 959 $aBK 969 $aCDE 979 $c20000914$lUSA01$h1706 979 $c20000919$lUSA01$h1046 979 $c20000919$lUSA01$h1519 979 $c20001019$lUSA01$h1053 979 $c20001019$lUSA01$h1450 979 $c20001019$lUSA01$h1458 979 $c20001019$lUSA01$h1535 979 $c20001024$lUSA01$h1511 979 $c20001027$lUSA01$h1520 979 $c20001110$lUSA01$h1708 979 $c20001124$lUSA01$h1204 979 $c20020403$lUSA01$h1608 979 $aPATRY$b90$c20040406$lUSA01$h1602 979 $aPATRY$b90$c20060718$lUSA01$h1715 979 $aPATRY$b90$c20060718$lUSA01$h1717 979 $aPATRY$b90$c20060718$lUSA01$h1732 979 $aMARIAS$b90$c20080117$lUSA01$h1155 996 $aEionet collega$9866396 997 $aUNISA